Normal view
MARC view
Entry Personal Name
001 - CONTROL NUMBER
- control field: 167857
003 - CONTROL NUMBER IDENTIFIER
- control field: OSt
005 - DATE AND TIME OF LATEST TRANSACTION
- control field: 20220923224238.0
008 - FIXED-LENGTH DATA ELEMENTS
- fixed length control field: 220923|| aca||aabn | a|a d
040 ## - CATALOGING SOURCE
- Original cataloging agency: OSt
- Transcribing agency: OSt
100 ## - HEADING--PERSONAL NAME
- Personal name: मोहन राकेश; तनेजा, जयदेव, संपा
670 ## - SOURCE DATA FOUND
- Source citation: Work cat.: (OSt)370162: मोहन राकेश; तनेजा, जयदेव, संपा., दस प्रतिनिधि कहानियॉं, 2002
